Lil Yachty Discography - Statistics

General Stats
  • This quiz has been taken 127 times
    51 since last reset
  • The average score is 9 of 20
Answer Stats
Year Name Type % Correct
2016 Lil Boat Mixtape
98%
2018 Lil Boat 2 Album
98%
2020 Lil Boat 3 Album
95%
2020 Lil Boat 3.5 Deluxe Album
76%
2021 Michigan Boy Boat Mixtape
62%
2017 Teenage Emotions Album
62%
2018 Nuthin' 2 Prove Album
60%
2015 Summer Songs EP
57%
2016 Summer Songs 2 Mixtape
52%
2021 Birthday Mix 6 EP
33%
2016 Lil Boat's Birthday Mix EP
33%
2017 Birthday Mix 2.0 EP
31%
2018 Birthday Mix 3 EP
31%
2019 Birthday Mix 4 EP
29%
2020 Birthday Mix 5 EP
29%
2016 The Lost Files EP
19%
2019 The Lost Files 2 EP
10%
2020 A-Team Collaborative Mixtape
7%
2016 Big Boat EP
7%
2015 Hey Honey Let's Spend Wintertime On a Boat EP
7%
No matching quizzes found
Score Distribution
Percent of People with Each Score
Percentile by Number Answered
Your Score History
You have not taken this quiz since the last reset